Capitán de mar y guerra /

Guardat en:
Dades bibliogràfiques
Autor principal: O'Brian, Patrick (autor)
Format: Llibre
Idioma:espanyol
Publicat: Madrid, España : El País, 2005, c2005
Matèries:
Etiquetes: Afegir etiqueta
Sense etiquetes, Sigues el primer a etiquetar aquest registre!

MARC

LEADER 00000nam^a2200000^a^4500
001 000410039
005 20250521000000.0
009 20260310122037.517
020 |a 84-9815-218-6 
037 |a Acervo ITESO - Biblioteca 
041 |a ESP 
082 |a 813.  |b OBR 
100 |a O'Brian, Patrick  |e (autor) 
245 1 0 |a Capitán de mar y guerra /  |c P. O'Brian ; tr. por Concha Folcrá, Aleida Lama Montes de Oca. 
264 4 |a Madrid, España :  |b El País,  |c 2005, c2005 
300 |a 447 p. 
336 |a texto  |b txt  |2 rdacontenido 
337 |a sin mediación  |b n  |2 rdamedio 
338 |a volumen  |b nc  |2 rdasoporte 
500 |a Traducción de: Master and Commander 
545 0 |a Patrick O'Brian, (1914 – 2000), cuyo nombre original era Richard Patrick Russ, fue un prolífico escritor y traductor inglés conocido por una veintena de novelas cuyo protagonista era el capitán Aubrey–Maturin, quien navegaba para la Marina real británica durante las guerras napoleónicas hacia inicios del siglo XIX. Sus novelas tuvieron un gran éxito no sólo porque habla de batallas y navegaciones, lances guerreros y episodios galantes. Sus escritos presentan un horizonte mucho más amplio que incluye la naturaleza de la amistad, la contemplación de la naturaleza y sus misterios, los recovecos de la pasión y la traición, junto con una irónica e intemporal visión de los vericuetos del poder. Sus críticos recomiendan la lectura de sus obras en el orden cronológico de aparición, ya que muestran un espíritu exigente en maduración y perfeccionamiento continuo hasta su muerte. Además de la mencionada serie que inicia con Capitán de mar y guerra (1969), escribió otras novelas como César (1930); The Road to Samarcand (1954); y Richard Temple (1962). Igualmente escribió colecciones de cuentos, como: The Chian Wine and Other Stories (1974); y libros de no ficción como Men-of-War: Life in Nelson's Navy (1974) y Picaso (1974). 
649 |a XX 
650 |a Novela Inglesa 
650 |a Literatura Inglesa -  |y Siglo XX 
910 |a Fondo General 
920 |a Impresos - Libros 
930 |a Colección General 
940 |a Literatura 
905 |a 101 
901 |a 0500318919  |b IT1  |c LIT  |i D104395  |u 20250521 
902 |a https://opac.biblio.iteso.mx/vufind/Record/000410039